Normal view
MARC view
Entry Personal Name
001 - CONTROL NUMBER
- control field: 64909
003 - CONTROL NUMBER IDENTIFIER
- control field: dpl
005 - DATE AND TIME OF LATEST TRANSACTION
- control field: 20240419111120.0
008 - FIXED-LENGTH DATA ELEMENTS
- fixed length control field: 240419|| aca||aabn | a|a d
040 ## - CATALOGING SOURCE
- Original cataloging agency: dpl
- Transcribing agency: dpl
100 ## - HEADING--PERSONAL NAME
- Personal name: मर्चेंट, मिन्हाज
670 ## - SOURCE DATA FOUND
- Source citation: Work cat.: (dpl)202132: मर्चेंट, मिन्हाज, मोदी चुनोती 2024 की ;भारतीय राजनीति की अग्निपरीक्षा/, 2023
